Sudden Death: Dangers on the Oregon Trail - Statistics

General Stats
  • This quiz has been taken 785 times
  • The average score is 3 of 10
Answers on the Grid
Answers color-coded by a green-red scale on the quiz's grid according to % correct below.
Cholera
Typhoid
Dysentery
Snake Bite
Broken Arm
Broken Leg
Drowning
Exhaustion
Measles
Fever
Murder
Frostbite
Polio
Influenza
Bear Attack
Consumption
Plague
Rabies
Broken Neck
Smallpox
 
Answer Stats
Answer % Correct
Dysentery
56%
Snake Bite
38%
Broken Leg
36%
Drowning
36%
Exhaustion
35%
Cholera
29%
Typhoid
29%
Broken Arm
22%
Fever
22%
Measles
14%
No matching quizzes found
Score Distribution
Percent of People with Each Score
Percentile by Number Answered
Your Score History
You have not taken this quiz